000 00580nam a22001817a 4500
003 GBCCL
005 20251127141527.0
008 251127b |||||||| |||| 00| 0 eng d
040 _cGBC
082 _a220.5208
_bBIB 1
110 _a Thomas Nelson Publishers
245 _aThe Holy Bible containing the Old and New Testament , the New King James Version, red letter edition :
_bThe New Open Bible
250 _aStudy edition
260 _aNashville :
_bThomas Nelson Publishers,
_cc1990
300 _a347, 1600, 64
650 _aBible
_vstudy edition
942 _2ddc
_cREF
_n0
999 _c11077
_d11077